000 01458cam a2200313 4500500
005 20251228073556.0
041 _afre
042 _adc
100 1 0 _aMasschelier, Sylvain
_eauthor
245 0 0 _aEt in melancholia ego
260 _c2015.
500 _a68
520 _aNous aurons l’occasion de traverser les terres sombres et désolées de la mélancolie depuis celles qui ont tenu le poète latin Ovide éloigné de Rome. Les liens entre mélancolie, tristesse, exil, Éros et Thanatos seraient un voyage à travers toute cette terre, redécouverte depuis l’Antiquité jusqu’à nos jours en passant par le romantisme.
520 _aWe shall travel into the dark and waste lands of Melancholia, starting from those which kept Ovide far from Rome. The links between melancholia, sadness, exile, Eros and Thanatos provide an opportunity to venture into these lands which have ceaselessly been revisited ever since Antiquity up to nowadays and notably by romanticism.
690 _aBarthes
690 _aChagrin
690 _amélancolie
690 _aOvide
690 _aperte
690 _atristesse
690 _aBarthes
690 _aGrief
690 _aloss
690 _amelancholia
690 _aOvide
690 _asadness
786 0 _nSavoirs et clinique | 20 | 1 | 2015-12-29 | p. 21-32 | 1634-3298
856 4 1 _uhttps://shs.cairn.info/revue-savoirs-et-cliniques-2016-1-page-21?lang=fr&redirect-ssocas=7080
999 _c1595475
_d1595475